书目信息 |
| 题名: |
精制
|
|
| 作者: | ;江苏省燃化局 编写 | |
| 分册: | ||
| 出版信息: | 北京 燃料化学工业出版社 1974 |
|
| 页数: | 94页 | |
| 开本: | 20cm | |
| 丛书名: | ||
| 单 册: | ||
| 中图分类: | TQ064 | |
| 科图分类: | ||
| 主题词: | 化工过程:生产过程 , 化工产品--后处理 , 化工产品--包装 | |
| 电子资源: | ||
| ISBN: | ||
| 000 | 00653nam0 2200229 450 | |
| 001 | 0636699669 | |
| 005 | 20060303104207.12 | |
| 010 | @dCNY0.24 | |
| 100 | @a20060303d1974 km y0chiy0120 ea | |
| 101 | 0 | @achi |
| 102 | @aCN@b110000 | |
| 200 | 1 | @a精制@Ajing zhi@f江苏省燃化局编写@Fjiang su sheng ran hua ju bian xie |
| 210 | @a北京@c燃料化学工业出版社@d1974 | |
| 215 | 1 | @a94页@d20cm |
| 300 | @a双加压流程碳酸氢铵生产 | |
| 606 | 0 | @a化工过程:生产过程 |
| 606 | 0 | @a化工产品@x后处理 |
| 606 | 0 | @a化工产品@x包装 |
| 690 | @aTQ064@v4 | |
| 711 | 0 | @a江苏省燃化局@Ajiang su sheng ran hua ju@4编写 |
| 801 | 0 | @aCN@bPFT@c20060303 |
| 905 | @a10447@dTQ064@e2 | |
| 精制/江苏省燃化局编写.-北京:燃料化学工业出版社,1974 |
| 94页;20cm |
| 双加压流程碳酸氢铵生产 |
| ISBN :CNY0.24 |
| ● |
| 相关链接 |
|
|
|
|
正题名:精制
索取号:TQ064/2
 
预约/预借
| 序号 | 登录号 | 条形码 | 馆藏地/架位号 | 状态 | 备注 |
| 1 | 0017931 | 001645946 | 密集书库/ [索取号:TQ064/2] | 在馆 |